Infinity and the mind : the science and philosophy of the infinite

Αποθηκεύτηκε σε:
Λεπτομέρειες βιβλιογραφικής εγγραφής
Κύριος συγγραφέας: Rucker, Rudy v. B. (Rudy von Bitter), 1946-
Μορφή: Βιβλίο
Γλώσσα:English
Δημοσίευση: Princeton, N. J. : Princeton University, c1995.
Σειρά:Princeton science library
Θέματα:
Ετικέτες: Προσθήκη ετικέτας
Δεν υπάρχουν, Καταχωρήστε ετικέτα πρώτοι!

MARC

LEADER 00000cam a2200000 i 4500
001 1/72045
008 990312s1995 nju| ||| |||| ||eng||
020 |a 0691001723  
035 |l 10048469 
040 |a GR-MyUA  |b gre  |e AACR2 
041 0 |a eng 
082 0 |a 511.3 
100 1 |a Rucker, Rudy v. B.   |q (Rudy von Bitter),   |d 1946- 
245 1 0 |a Infinity and the mind :   |b the science and philosophy of the infinite /   |c by Rudy Rucker.  
260 |a Princeton, N. J. :   |b Princeton University,   |c c1995.  
300 |a x, 342 σ. :   |b εικ. ;   |c 24 εκ.  
490 1 |a (Princeton science library)  
500 |a Περιλαμβάνει βιβλιογραφικές παραπομπές και ευρετήριο.  
650 0 0 |a Logic, Symbolic and mathematical. 
650 0 0 |a Set theory. 
650 0 0 |a Infinite. 
767 0 8 |i Μεταφρασμένο ως:   |t Το άπειρο και ο νους /  
830 0 |a Princeton science library 
852 |a INST  |b SAMOS  |e 19990312  |h 511.3 RUC  |p 005300013220  |q 005300013220  |t BK  |y 0 
901 |a BIBL-1999-1 
909 |a Σ  |b 063098 
922 |a 3ΕΛΗ  |b 199901  |c ΕΠΕΑΕΚ/ΜΑΘ  |d GLORY